000 01028cam a2200253 4500
001 WB3617-34
008 000000n2000 000 0 eng u
035 _a(Sirsi) u105736
245 _aGreen and pleasant land
260 _c2000
490 _aDaily Telegraph
_v3 May 2000, 10
490 _aBirmingham Post
_v4 May 2000, 26(2)
520 _aThe World Wide Fund for Nature has suggested that expenditure of over £1.6bn pa is needed if Britain is to meet its targets for conservation of the countryside and encourage farmers to change to more environmentally-friendly production methods. The suggestion comes in a WWF report entitled "Money makes the Countryside go round". Report available on web site www.wwf-uk.org.
590 _aWB
650 _aWORLD WIDE FUND FOR NATURE
650 _aFARMING
650 _aCOUNTRYSIDE CONSERVATION
650 _aRURAL AREAS
650 _aWILDLIFE CONSERVATION
650 _aGOVERNMENT FUNDING
690 _aRural
_96268
856 _uhttps://www.wwf-uk.org
942 _n0
999 _c63321
_d63321